000 00679nam a2200253Ia 4500
003 OSt
005 20221006143029.0
006 a|||||r|||| 00| 0
007 ta
008 221006b |||||||| |||| 00| 0 eng d
020 _c244.03
024 _a7,843
037 _cTextual
040 _aEASL
_cEASL
_beng
041 _2eng
_aeng
082 _aY:1.42.N8, M4
100 _aCourdy Jean-Claude
_9648997
245 0 _aJapanese
_b Everyday life in the empire of the rising Sun
260 _aNew York
_bHarper & Row
_c1984
300 _a269p.
_ccm.
490 _v JEL
942 _hY:1.42.N8, M4
_cTEXL
_2CC
999 _c1075929
_d1075929